Telecommunication engineer's reference book (Record no. 573903)
[ view plain ]
| 000 -LEADER | |
|---|---|
| fixed length control field | 00399nam a22001577a 4500 |
| 003 - CONTROL NUMBER IDENTIFIER | |
| control field | CEME |
| 005 - DATE AND TIME OF LATEST TRANSACTION | |
| control field | 20210628203506.0 |
| 008 - FIXED-LENGTH DATA ELEMENTS--GENERAL INFORMATION | |
| fixed length control field | 210316b xxu||||| |||| 00| 0 eng d |
| 020 ## - INTERNATIONAL STANDARD BOOK NUMBER | |
| International Standard Book Number | 0-7506-1-37-9 |
| 040 ## - CATALOGING SOURCE | |
| Transcribing agency | . |
| 082 ## - DEWEY DECIMAL CLASSIFICATION NUMBER | |
| Classification number | 621.382 TEL'M |
| 100 ## - MAIN ENTRY--PERSONAL NAME | |
| Personal name | Mazda, Fraidoon |
| 9 (RLIN) | 62240 |
| 245 ## - TITLE STATEMENT | |
| Title | Telecommunication engineer's reference book |
| 260 ## - PUBLICATION, DISTRIBUTION, ETC. | |
| Place of publication, distribution, etc. | OXFORD |
| Name of publisher, distributor, etc. | BUTTERWORTH |
| Date of publication, distribution, etc. | 1993 |
| 942 ## - ADDED ENTRY ELEMENTS (KOHA) | |
| Koha item type | Book |
| Source of classification or shelving scheme | |
| Withdrawn status | Lost status | Damaged status | Not for loan | Permanent Location | Current Location | Shelving location | Date acquired | Total Checkouts | Full call number | Barcode | Date last seen | Price effective from | Koha item type |
|---|---|---|---|---|---|---|---|---|---|---|---|---|---|
| College of Electrical & Mechanical Engineering (CEME) | College of Electrical & Mechanical Engineering (CEME) | Reference | 07/28/2017 | 621.382 TEL'M | CEME-28398 | 06/28/2021 | 06/28/2021 | Book |
